00219nam a2200085Ia 4500008004100000100001500041245004700056260002100103260000900124170620s9999 xx 000 0 und d aAjade- Y.A 0aSharvan Vikaryouket Baccho ka Bhasha Vikas bNew Delhi- NCERT c1997